[Event "Arco op 40th"]
[Site "Arco"]
[Date "2018.10.18"]
[Round "6"]
[White "Trauth, Michael"]
[Black "Keim, Simon"]
[Result "1-0"]
[WhiteElo "2109"]
[BlackElo "1922"]
[PlyCount "93"]
[EventDate "2018.10.13"]
[EventType "swiss"]
[EventRounds "9"]
[EventCountry "ITA"]
[SourceTitle "CBM 186 Extra"]
[Source "ChessBase"]
[SourceDate "2018.08.24"]
[SourceVersion "1"]
[SourceVersionDate "2018.08.24"]
[SourceQuality "1"]

1. Nf3 d5 2. g3 c5 3. c4 d4 4. b4 cxb4 5. a3 Nc6 6. axb4 Nxb4 7. Ba3 Nc6 8. Bg2 g6 9. d3 Bg7 10. 0-0 Nh6 11. Nbd2 0-0 12. Qa4 Bd7 13. Rfb1 Qc7 14. Ne1 a5 15. Qb3 Rfb8 16. c5 Be6 17. Qb5 Ng4 18. Nc4 Bxc4 19. Qxc4 h5 20. Nf3 Nce5 21. Qb5 Nxf3+ 22. Bxf3 Be5 23. Ra2 Nxh2 24. Kxh2 h4 25. Rg1 hxg3+ 26. Rxg3 Bxg3+ 27. fxg3 Kg7 28. Kg2 Qe5 29. Qc4 e6 30. e3 Qxe3 31. Re2 Qg5 32. Qxd4+ Qf6 33. Bb2 Qxd4 34. Bxd4+ Kf8 35. Be5 Rd8 36. Bxb7 a4 37. c6 Ke7 38. c7 Rdc8 39. Bxa8 Rxa8 40. Rb2 Rc8 41. Rb8 Kd7 42. Rxc8 Kxc8 43. Kf3 a3 44. Kf4 a2 45. Kg5 a1Q 46. Bxa1 Kxc7 47. Kf6 1-0

[Event "Arco op 40th"]
[Site "Arco"]
[Date "2018.10.17"]
[Round "5"]
[White "Keim, Simon"]
[Black "Kierzek, Matthias"]
[Result "1/2-1/2"]
[WhiteElo "1922"]
[BlackElo "2224"]
[PlyCount "99"]
[EventDate "2018.10.13"]
[EventType "swiss"]
[EventRounds "9"]
[EventCountry "ITA"]
[SourceTitle "CBM 186 Extra"]
[Source "ChessBase"]
[SourceDate "2018.08.24"]
[SourceVersion "1"]
[SourceVersionDate "2018.08.24"]
[SourceQuality "1"]

1. d3 d5 2. Nf3 Nf6 3. Nbd2 Nc6 4. e4 e5 5. Be2 dxe4 6. dxe4 Bc5 7. h3 0-0 8. 0-0 h6 9. c3 a5 10. Qc2 Re8 11. Rd1 Qe7 12. Nf1 Be6 13. Be3 Rad8 14. a4 Bxe3 15. Nxe3 Qc5 16. Bb5 Kh7 17. Nd5 Rc8 18. Kf1 Kh8 19. Ne3 Red8 20. Rd2 Rxd2 21. Nxd2 Na7 22. Bc4 Bxc4+ 23. Nexc4 Rd8 24. b3 Nc6 25. Re1 Ne7 26. Nf3 Ng6 27. Kg1 b6 28. g3 Qe7 29. Kg2 Qe6 30. Ne3 Qc6 31. Nc4 Re8 32. Re2 Nd7 33. h4 Nf6 34. Nfd2 Qd7 35. f3 Rd8 36. Nf1 Qd3 37. Qd2 Kg8 38. Qe3 Qd1 39. Rd2 Rxd2+ 40. Nfxd2 Qc2 41. Na3 Qa2 42. Nac4 Qc2 43. Na3 Qd1 44. Nac4 Nd7 45. Qd3 Nc5 46. Qd8+ Nf8 47. Qxc7 Nd3 48. Qxb6 Qe2+ 49. Kg1 Qe1+ 50. Kg2 1/2-1/2

[Event "Arco op 40th"]
[Site "Arco"]
[Date "2018.10.14"]
[Round "2"]
[White "Galliani, William"]
[Black "Keim, Simon"]
[Result "0-1"]
[WhiteElo "1703"]
[BlackElo "1922"]
[PlyCount "106"]
[EventDate "2018.10.13"]
[EventType "swiss"]
[EventRounds "9"]
[EventCountry "ITA"]
[SourceTitle "CBM 186 Extra"]
[Source "ChessBase"]
[SourceDate "2018.08.24"]
[SourceVersion "1"]
[SourceVersionDate "2018.08.24"]
[SourceQuality "1"]

1. d4 Nf6 2. c4 e6 3. Nf3 Bb4+ 4. Bd2 Qe7 5. a3 Bxd2+ 6. Nbxd2 d5 7. g3 0-0 8. Bg2 b6 9. 0-0 Bb7 10. e3 Nbd7 11. Qe2 a5 12. Rac1 Rfc8 13. Rfd1 Ne4 14. cxd5 Ba6 15. Qe1 exd5 16. Nxe4 dxe4 17. Ne5 Nxe5 18. Bxe4 Ng4 19. Bxa8 Rxa8 20. Qc3 Bb7 21. Qxc7 Qe4 22. d5 Nxe3 23. fxe3 Qxe3+ 24. Kh1 Bxd5+ 25. Rxd5 Qe4+ 26. Kg1 Qxd5 27. Qxb6 g6 28. Qc5 Qb3 29. Qc3 Qb6+ 30. Kf1 Rb8 31. Rc2 Rd8 32. Kg2 Qb7+ 33. Qf3 Qb6 34. Qc3 Qb7+ 35. Qf3 Qe7 36. Qf4 Rd7 37. Qf3 Rd8 38. Qf4 Qb7+ 39. Qf3 Qb5 40. Qf6 Qd5+ 41. Qf3 Qg5 42. Qf4 Qxf4 43. gxf4 Rb8 44. Kf3 f5 45. h4 Rb3+ 46. Kg2 Kg7 47. Kg1 Kh6 48. Rd2 Kh5 49. Rg2 Kxh4 50. Rh2+ Kg3 51. Rf2 Rf3 52. Rh2 Rd3 53. Rf2 Rd1+ 0-1